Fluid mechanics
The book presents the fundamentals of modern fluid mechanics, including hydrostatics, viscous flow, similitude and order of magnitude, creeping flow, potential flow, boundary layer flow, turbulent flow, compressible flow, and non-Newtonian fluids
Đã lưu trong:
| 主要作者: | |
|---|---|
| 格式: | 图书 |
| 语言: | Undetermined |
| 出版: |
New York
Cambridge Univ. Press
1997
|
| 主题: | |
| 标签: |
添加标签
没有标签, 成为第一个标记此记录!
|
| Thư viện lưu trữ: | Trung tâm Học liệu Trường Đại học Cần Thơ |
|---|
| LEADER | 00773nam a2200205Ia 4500 | ||
|---|---|---|---|
| 001 | CTU_32788 | ||
| 008 | 210402s9999 xx 000 0 und d | ||
| 020 | |b 422.000đ | ||
| 082 | |a 620.106 | ||
| 082 | |b P739 | ||
| 100 | |a Chaim Gutfinger | ||
| 245 | 0 | |a Fluid mechanics | |
| 245 | 0 | |c Chaim Gutfinger, David Pnueli | |
| 260 | |a New York | ||
| 260 | |b Cambridge Univ. Press | ||
| 260 | |c 1997 | ||
| 520 | |a The book presents the fundamentals of modern fluid mechanics, including hydrostatics, viscous flow, similitude and order of magnitude, creeping flow, potential flow, boundary layer flow, turbulent flow, compressible flow, and non-Newtonian fluids | ||
| 650 | |a fluid mechanics | ||
| 904 | |i Minh, 990824 | ||
| 980 | |a Trung tâm Học liệu Trường Đại học Cần Thơ | ||